Qui a réalisé ? (niveau difficile) - Statistiques

Statistiques générales
  • Ce quiz a été pris 18 fois
  • Le résultat moyen est 5 sur 10
Statistiques - réponses
Hint Réponse % Correct
Platoon Oliver Stone
88%
Anatomy of a Murder Otto Preminger
63%
V pour Vendetta James McTeigue
50%
Napoleon dynamite Jared Hess
50%
Dumb and dumber Peter Farrelly
50%
The VVitch Robert Eggers
50%
Manchester by the Sea Kenneth Lonergan
44%
James Bond : Dr. No Terence Young
44%
The Rocky Horror Picture Show Jim Sharman
38%
Kramer vs. Kramer Robert Benton
25%
Aucun quiz correspondant
Distribution des résultats
% des personnes avec chaque résultat
Percentile par nombre de réponses
Votre historique - résultats
Vous n’avez pas pris ce quiz